| 000 | 00793nam a2200241Ia 4500 | ||
|---|---|---|---|
| 003 | OSt | ||
| 005 | 20220614095708.0 | ||
| 008 | 210716s2020 xx 000 0 und d | ||
| 020 | _a9789389795578 | ||
| 040 | _cAIMIT LIBRARY | ||
| 041 | _aeng | ||
| 082 |
_a658 _21 _bBANS |
||
| 100 |
_aBansal, Sanjeev. _942118 |
||
| 245 |
_aCase studies in contemporary management / _cEdited by Sanjeev Bansal, R Sujatha and Sharma Ashok. |
||
| 250 | _a1st ed. | ||
| 260 |
_aNew Delhi : _bWILEY , _c2020. |
||
| 300 |
_axiii,200p. ; _c23 cm. |
||
| 650 |
_aUnderstanding the business propositions partnering to scale up _942119 |
||
| 650 |
_aPeople management processes art as well as science _942120 |
||
| 700 |
_aSujatha R. _942121 |
||
| 700 |
_aSharma Ashok. _942122 |
||
| 942 |
_2ddc _cBK _e1st _k658 BANS |
||
| 999 |
_c211604 _d211604 |
||